000 00637nam a2200193Ia 4500
999 _c2096
_d2096
020 _a81-7054-230-6
082 _a371.822 AVA-;
100 _aAvasthi, Surya Kiran
245 0 _aMuslim chhattraye evam shaikshik suvidhaye
260 _aNew Delhi
_bClassical Publishing
_c1996
300 _avi, 231p.
504 _aincludes bibliography and appendices
650 _aMuslim girls - Bhopal (Madhya Pradesh)
650 _aSchool facilities - Bhopal (Madhya Pradesh)
650 _aIslamic education - Bhopal (Madhya Pradesh)
650 _aEducational facilities
650 _aEducation and state - Bhopal (Madhya Pradesh)
942 _cBK